000 00483nam a2200157 4500
008 151015b xxu||||| |||| 00| 0 eng d
020 _a047132173
041 0 _aeng
080 _a55
245 0 _aEnvironmental science
_cJohn Wilet & Sons, Inc.
250 _aThird ed.
260 _aNew York, Chichester, Weinheim, Brisbane, Singapore, Toronto
_bBotkin Keller
_c2000
300 _a[649] f;
_bme il.;
_c26 cm
650 0 _aShkenca Natyrore
942 _2udc
_cBK
999 _c1288
_d1288